[Event "Wch Seniors 50 32nd"]
[Site "Porto Santo"]
[Date "2024.11.19"]
[Round "3"]
[White "Novik, Maxim"]
[Black "Plotkin, Victor"]
[Result "1/2-1/2"]
[WhiteElo "2411"]
[BlackElo "2234"]
[PlyCount "93"]
[EventDate "2024.11.17"]
[EventType "swiss"]
[EventRounds "11"]
[EventCountry "POR"]
[SourceTitle "CB49_2024"]
[SourceDate "2024.12.04"]
[SourceVersion "1"]
[SourceVersionDate "2024.12.04"]
[SourceQuality "1"]

1. c4 Nf6 2. Nf3 c5 3. g3 Nc6 4. Bg2 g6 5. b3 Bg7 6. Bb2 0-0 7. 0-0 b6 8. d4 cxd4 9. Nxd4 Bb7 10. Nc3 Qc8 11. Nc2 d6 12. Rb1 Rd8 13. Qd2 Qd7 14. Nd5 Ne8 15. Bxg7 Kxg7 16. Nce3 e6 17. Qb2+ f6 18. Nf4 e5 19. Bh3 f5 20. Rbd1 Nf6 21. Ned5 Qf7 22. Nxf6 Qxf6 23. Nd5 Qf7 24. f4 Kg8 25. Bg2 e4 26. g4 Ne7 27. Nc7 Rac8 28. Nb5 Qe6 29. Nxa7 Rc5 30. g5 Ba6 31. a4 Rd7 32. Nb5 Bxb5 33. axb5 d5 34. Qd4 Rcc7 35. Qc3 dxc4 36. Rxd7 Qxd7 37. bxc4 Qxb5 38. Qf6 Qc5+ 39. Kh1 Rc6 40. Qa1 Qxc4 41. Rd1 Qxe2 42. Rd8+ Kf7 43. Bf1 Qf3+ 44. Kg1 Qe3+ 45. Kh1 Qf3+ 46. Kg1 Qe3+ 47. Kh1 1/2-1/2

[Event "Toronto Crown op"]
[Site "Toronto"]
[Date "2024.09.01"]
[Round "3"]
[White "Plotkin, Victor"]
[Black "Malakar, Saarthak"]
[Result "1/2-1/2"]
[WhiteElo "2264"]
[BlackElo "2019"]
[PlyCount "109"]
[EventDate "2024.08.31"]
[EventType "swiss"]
[EventRounds "6"]
[EventCountry "CAN"]
[SourceTitle "EXT 2025"]
[Source "ChessBase"]
[SourceDate "2024.10.14"]
[SourceVersion "1"]
[SourceVersionDate "2024.10.14"]
[SourceQuality "1"]

1. e4 c6 2. Nc3 d5 3. Nf3 dxe4 4. Nxe4 Nf6 5. Nxf6+ exf6 6. Bc4 Bd6 7. Qe2+ Be7 8. 0-0 0-0 9. Re1 Re8 10. d4 a5 11. c3 Na6 12. Qc2 Nc7 13. Bf4 Nd5 14. Bg3 Be6 15. Bd3 h6 16. Nd2 Qd7 17. Nc4 b5 18. Ne3 Bd6 19. Nxd5 Bxd5 20. a3 Bxg3 21. hxg3 Rad8 22. Rad1 Qb7 23. Qd2 a4 24. Rxe8+ Rxe8 25. Re1 Qd7 26. Rxe8+ Qxe8 27. Qe2 Qe6 28. f3 Kf8 29. Kf2 Qxe2+ 30. Kxe2 Ke7 31. Ke3 g6 32. Be4 Kd6 33. Bc2 Bc4 34. g4 Bd5 35. g3 Ke6 36. Be4 Kd6 37. Bd3 Ke6 38. f4 Kd6 39. Bc2 Bc4 40. Be4 Bd5 41. Bxd5 Kxd5 42. Kd3 f5 43. gxf5 gxf5 44. Ke3 Kc4 45. Kd2 Kd5 46. Kd3 c5 47. dxc5 Kxc5 48. Kd2 Kd5 49. Kd3 Kc5 50. Kc2 Kc4 51. Kd2 Kc5 52. Kd3 Kd5 53. Ke3 Kc4 54. Kd2 Kc5 55. Kd3 1/2-1/2

[Event "WchT Seniors 50"]
[Site "Krakow"]
[Date "2024.07.03"]
[Round "2.1"]
[White "Plotkin, Victor"]
[Black "Ehlvest, Jaan"]
[Result "0-1"]
[WhiteElo "2264"]
[BlackElo "2528"]
[PlyCount "64"]
[EventDate "2024.07.02"]
[EventType "team-swiss"]
[EventRounds "9"]
[EventCountry "POL"]
[SourceTitle "CBM 221 Extra"]
[Source "ChessBase"]
[SourceDate "2024.09.30"]
[SourceVersion "1"]
[SourceVersionDate "2024.09.30"]
[SourceQuality "1"]
[WhiteTeam "Canada 50"]
[BlackTeam "USA 50"]
[WhiteTeamCountry "CAN"]
[BlackTeamCountry "USA"]

1. e4 e5 2. Nf3 Nc6 3. Bc4 Nf6 4. d3 d5 5. exd5 Nxd5 6. 0-0 Bg4 7. h3 Bh5 8. Re1 Qd6 9. Nbd2 0-0-0 10. Ne4 Qd7 11. Ng3 Bxf3 12. Qxf3 Nd4 13. Qd1 Nb6 14. Bb3 f6 15. Be3 Kb8 16. Bxd4 Qxd4 17. Rb1 g6 18. Qe2 Bh6 19. Qg4 Qd6 20. Ne4 Qf8 21. Qf3 f5 22. Nc3 Qd6 23. a4 a6 24. Re2 Bg7 25. Nd1 Nd7 26. Nc3 Rhf8 27. Qd5 Nc5 28. Qxd6 Rxd6 29. Bc4 e4 30. dxe4 Bxc3 31. bxc3 Nxe4 32. Re3 Nd2 0-1

[Event "Toronto Candidates Blitz op"]
[Site "Toronto"]
[Date "2024.04.08"]
[Round "9"]
[White "Kosteniuk, Alexandra"]
[Black "Plotkin, Victor"]
[Result "1-0"]
[WhiteElo "2501"]
[BlackElo "2273"]
[PlyCount "147"]
[EventDate "2024.04.08"]
[EventType "swiss (blitz)"]
[EventRounds "9"]
[EventCountry "CAN"]
[SourceTitle "CBM 219 Extra"]
[Source "ChessBase"]
[SourceDate "2024.05.31"]
[SourceVersion "1"]
[SourceVersionDate "2024.05.31"]
[SourceQuality "1"]

1. e4 e5 2. Bc4 Nf6 3. Nc3 Nc6 4. d3 Bb4 5. Bg5 h6 6. Bxf6 Qxf6 7. Nge2 Na5 8. 0-0 c6 9. a3 Bxc3 10. Nxc3 Nxc4 11. dxc4 d6 12. Qd3 0-0 13. Rad1 Be6 14. b3 Rad8 15. Rd2 Qg5 16. Rfd1 f5 17. Qg3 Qe7 18. f3 b6 19. Rd3 Kh7 20. Qe1 Rf6 21. Qd2 Bc8 22. a4 a5 23. Qe3 Qc7 24. R3d2 Rg6 25. Kh1 Rf6 26. Ne2 f4 27. Qd3 g5 28. g4 fxg3 29. Nxg3 Rdf8 30. Kg2 Qf7 31. Rf2 g4 32. Rdf1 gxf3+ 33. Rxf3 Bh3+ 34. Kxh3 Rxf3 35. Rxf3 Qxf3 36. Qxd6 Qf6 37. Qc7+ Rf7 38. Qxb6 Qe6+ 39. Kg2 Rd7 40. Qxa5 Qd6 41. Kh3 Qe6+ 42. Kg2 Qg4 43. Qc3 Qf4 44. Kh3 Rd2 45. Qa5 Qf2 46. Qc7+ Kg8 47. Qc8+ Kh7 48. Qf5+ Qxf5+ 49. Nxf5 Rxc2 50. Ne7 c5 51. Nd5 Rb2 52. Kg4 Rxb3 53. Kf5 Ra3 54. Kxe5 Rxa4 55. Ne3 Ra2 56. h4 Rh2 57. Nf5 Rd2 58. Kf6 Rc2 59. Nd6 Rh2 60. Nf5 Rc2 61. e5 Rxc4 62. e6 Re4 63. Nd6 Rf4+ 64. Ke5 Rf8 65. e7 Ra8 66. h5 Kg7 67. e8Q Rxe8+ 68. Nxe8+ Kf7 69. Nd6+ Kg7 70. Kf5 Kh7 71. Kf6 Kh8 72. Kg6 Kg8 73. Kxh6 Kf8 74. Kh7 1-0

[Event "Canadian zt"]
[Site "Toronto"]
[Date "2024.03.28"]
[Round "2"]
[White "Plotkin, Victor"]
[Black "Kalinin, Dmitry2"]
[Result "1/2-1/2"]
[WhiteElo "2273"]
[BlackElo "1997"]
[PlyCount "80"]
[EventDate "2024.03.27"]
[EventType "team-swiss"]
[EventRounds "10"]
[EventCountry "CAN"]
[SourceTitle "CBM 219 Extra"]
[Source "ChessBase"]
[SourceDate "2024.05.31"]
[SourceVersion "1"]
[SourceVersionDate "2024.05.31"]
[SourceQuality "1"]

1. e4 e6 2. d4 d5 3. Nc3 Bb4 4. exd5 exd5 5. Bd3 c6 6. Nf3 Bg4 7. 0-0 Ne7 8. Re1 Nd7 9. Bf4 Nf8 10. a3 Bd6 11. Bxd6 Qxd6 12. h3 Bh5 13. Re5 Bg6 14. Qd2 Bxd3 15. Qxd3 Nfg6 16. Re3 0-0 17. g3 Qd7 18. Rae1 Nf5 19. R3e2 Nd6 20. Kg2 f6 21. b3 Rae8 22. Rxe8 Rxe8 23. Rxe8+ Qxe8 24. Qe2 Qxe2 25. Nxe2 Kf7 26. Ne1 Nf8 27. f3 Ne6 28. c3 g5 29. Kf2 Kg6 30. Nd3 h5 31. Ke3 h4 32. g4 Kf7 33. f4 Ke7 34. fxg5 fxg5 35. Ne5 Ne4 36. c4 Kd6 37. Nf7+ Ke7 38. Ne5 Kd6 39. Nf7+ Ke7 40. Ne5 Kd6 1/2-1/2

[Event "WchT Seniors 50"]
[Site "Struga"]
[Date "2023.09.28"]
[Round "9.1"]
[White "Jhunjhnuwala, Krishan"]
[Black "Plotkin, Victor"]
[Result "1-0"]
[WhiteElo "2290"]
[BlackElo "2193"]
[PlyCount "105"]
[EventDate "2023.09.19"]
[EventType "team-swiss"]
[EventRounds "9"]
[EventCountry "MKD"]
[SourceTitle "CBM 216 Extra"]
[Source "ChessBase"]
[SourceDate "2023.11.30"]
[SourceVersion "1"]
[SourceVersionDate "2023.11.30"]
[SourceQuality "1"]
[WhiteTeam "USA 5 Brothers 50"]
[BlackTeam "Canada 50"]
[WhiteTeamCountry "USA"]
[BlackTeamCountry "CAN"]

1. e4 e5 2. Nf3 Nc6 3. d4 exd4 4. Nxd4 Bb4+ 5. c3 Be7 6. Bc4 Nf6 7. Nxc6 dxc6 8. Qxd8+ Bxd8 9. f3 0-0 10. Bf4 Nd7 11. 0-0 b5 12. Be2 Nc5 13. Nd2 Be6 14. c4 Bf6 15. e5 Be7 16. cxb5 cxb5 17. b3 a6 18. Rac1 Rad8 19. Be3 Rd7 20. f4 Rfd8 21. f5 Rxd2 22. Bxd2 Rxd2 23. fxe6 fxe6 24. Bg4 b4 25. a3 Rd4 26. axb4 Rxb4 27. Rc4 Rxb3 28. Rfc1 Rb5 29. g3 Kf7 30. Be2 Ra5 31. Rb1 Bd8 32. Rb8 Ke7 33. Ra8 Nd7 34. Rd4 Rxe5 35. Bxa6 Rd5 36. Re4 Nc5 37. Re2 Rd1+ 38. Kg2 Rd6 39. Bc4 Rd4 40. Ba2 Ne4 41. Ra6 Nc3 42. Rexe6+ Kd7 43. Bb3 Bf6 44. Re3 Rd2+ 45. Kh3 c5 46. Rxf6 gxf6 47. Rxc3 Kc6 48. Rf3 Rd6 49. Bc4 Kb6 50. Rf5 Rc6 51. Kg4 Ka5 52. Rf4 Rd6 53. Kf5 1-0

[Event "WchT Seniors 50"]
[Site "Struga"]
[Date "2023.09.26"]
[Round "7.1"]
[White "Marcus, Hakan"]
[Black "Plotkin, Victor"]
[Result "0-1"]
[WhiteElo "2021"]
[BlackElo "2193"]
[PlyCount "174"]
[EventDate "2023.09.19"]
[EventType "team-swiss"]
[EventRounds "9"]
[EventCountry "MKD"]
[SourceTitle "CBM 216 Extra"]
[Source "ChessBase"]
[SourceDate "2023.11.30"]
[SourceVersion "1"]
[SourceVersionDate "2023.11.30"]
[SourceQuality "1"]
[WhiteTeam "Sweden 50"]
[BlackTeam "Canada 50"]
[WhiteTeamCountry "SWE"]
[BlackTeamCountry "CAN"]

1. Nf3 Nf6 2. e3 d5 3. d4 c5 4. Nbd2 Nc6 5. c3 cxd4 6. exd4 Bf5 7. Be2 h6 8. 0-0 e6 9. Re1 Bd6 10. Nf1 0-0 11. Ng3 Bh7 12. Bd3 Rb8 13. Ne5 Qc7 14. f4 b5 15. b4 Ne7 16. Bxh7+ Kxh7 17. Qd3+ g6 18. Rf1 Nf5 19. Ne2 Ne4 20. g4 Ne7 21. f5 exf5 22. Qh3 g5 23. gxf5 Bxe5 24. dxe5 Qxe5 25. f6 Ng6 26. Rf5 Qe6 27. Nd4 Qd7 28. Qh5 Nf4 29. Bxf4 gxf4 30. Rxf4 Rg8+ 31. Kf1 Rg5 32. Qh4 Rbg8 33. Ne2 Nxc3 34. Ng3 Rg4 35. Rxg4 Qxg4 36. Qxg4 Rxg4 37. a3 Kg6 38. Rc1 Rc4 39. Re1 Kxf6 40. Re8 Nb1 41. Rd8 Ke6 42. Ra8 Rc7 43. Rh8 Nxa3 44. Rxh6+ Ke5 45. Rh5+ Ke6 46. Nf5 Nc2 47. h4 Rc4 48. Ng7+ Kf6 49. Ne8+ Ke7 50. Re5+ Kf8 51. Nd6 Rxb4 52. h5 Kg7 53. Ke2 Nd4+ 54. Kd3 Ne6 55. Kc3 Ra4 56. Nxb5 d4+ 57. Kb3 Ra5 58. Kb4 Ra1 59. Rd5 a5+ 60. Kb3 d3 61. Kb2 Nf4 62. Rd7 Rh1 63. Nd6 d2 64. Nf5+ Kf6 65. Ne3 Re1 66. Ng4+ Kg5 67. Nf2 Re2 68. Nd1 f5 69. Ra7 Nd3+ 70. Kc2 Nf2 71. Nxf2 Rxf2 72. Rxa5 Kxh5 73. Rd5 Kg4 74. Kd1 f4 75. Rd8 Rg2 76. Rg8+ Kf3 77. Rf8 Rh2 78. Rf7 Rh8 79. Kxd2 Re8 80. Kd1 Kg3 81. Rc7 f3 82. Rg7+ Kf2 83. Rd7 Kg2 84. Rg7+ Kf1 85. Rd7 Rg8 86. Rd3 f2 87. Rd2 Kg1 0-1

[Event "WchT Seniors 50"]
[Site "Struga"]
[Date "2023.09.19"]
[Round "1.1"]
[White "Plotkin, Victor"]
[Black "Shabalov, Alexander"]
[Result "1/2-1/2"]
[WhiteElo "2193"]
[BlackElo "2465"]
[PlyCount "174"]
[EventDate "2023.09.19"]
[EventType "team-swiss"]
[EventRounds "9"]
[EventCountry "MKD"]
[SourceTitle "CBM 216 Extra"]
[Source "ChessBase"]
[SourceDate "2023.11.30"]
[SourceVersion "1"]
[SourceVersionDate "2023.11.30"]
[SourceQuality "1"]
[WhiteTeam "Canada 50"]
[BlackTeam "USA 50"]
[WhiteTeamCountry "CAN"]
[BlackTeamCountry "USA"]

1. e4 g6 2. d4 Bg7 3. Nc3 c6 4. Nf3 d5 5. Be2 Bg4 6. Be3 dxe4 7. Nxe4 Nh6 8. Ng3 Nd7 9. h3 Bxf3 10. Bxf3 f5 11. Be2 Nf7 12. 0-0 Qc7 13. Qc1 0-0-0 14. Bc4 Rhf8 15. Ne2 e5 16. dxe5 Nfxe5 17. Bb3 c5 18. Nf4 c4 19. Ne6 Qc6 20. Nxg7 Rg8 21. Ba4 Qxa4 22. Ne6 Rde8 23. Nc5 Nxc5 24. Bxc5 g5 25. Bd4 Nc6 26. Bc3 Re2 27. b3 Qb5 28. Re1 cxb3 29. cxb3 f4 30. Rxe2 Qxe2 31. Qd1 Qxd1+ 32. Rxd1 Rg6 33. Kf1 Re6 34. Rd5 h6 35. h4 Rg6 36. hxg5 hxg5 37. Ke2 Ne7 38. Re5 Nc6 39. Rd5 Ne7 40. Re5 Nc6 41. Rf5 Ne7 42. Rf7 Nd5 43. Bd4 Nb4 44. a4 Nc6 45. Bf6 Na5 46. b4 Nc4 47. Kf3 Nd6 48. Rf8+ Kd7 49. Kg4 Ke6 50. Bd4 Nf7 51. Bxa7 Rh6 52. Bd4 Rh4+ 53. Kf3 g4+ 54. Ke4 g3 55. fxg3 fxg3+ 56. Ke3 Nd6 57. Bc5 Nf5+ 58. Kf3 b6 59. Bxb6 Rxb4 60. a5 Ra4 61. Ra8 Ra3+ 62. Kg4 Ra4+ 63. Kg5 Ne7 64. a6 Nc6 65. a7 Kd5 66. Be3 Kd6 67. Bf4+ Kd7 68. Bxg3 Rxa7 69. Rxa7+ Nxa7 70. Kf6 Nb5 71. Be5 Ke8 72. Kg7 Ke7 73. g4 Ke6 74. Bb2 Nd6 75. g5 Nf5+ 76. Kg6 Ne7+ 77. Kh7 Kf5 78. Bf6 Ng6 79. Kh6 Nf4 80. Bd4 Ng6 81. Bb2 Nf8 82. Bc3 Ng6 83. Bd4 Nf8 84. Bf2 Ng6 85. Bg3 Ne7 86. Kh5 Ng6 87. Bd6 Nh8 1/2-1/2

[Event "Titled Tuesday intern op 25th Jul Late"]
[Site "Chess.com INT"]
[Date "2023.07.25"]
[Round "9"]
[White "Bagchi, Sounak"]
[Black "Plotkin, Victor"]
[Result "1/2-1/2"]
[WhiteElo "2030"]
[BlackElo "2178"]
[PlyCount "113"]
[EventDate "2023.07.25"]
[EventType "swiss (blitz)"]
[EventRounds "11"]
[EventCountry "USA"]
[SourceTitle "EXT 2024"]
[Source "ChessBase"]
[SourceDate "2023.10.10"]
[SourceVersion "1"]
[SourceVersionDate "2023.10.10"]
[SourceQuality "1"]

1. e4 e5 2. Nf3 Nf6 3. Nxe5 Nxe4 4. Qe2 Qe7 5. Qxe4 d6 6. d4 dxe5 7. Qxe5 Qxe5+ 8. dxe5 Bf5 9. Bd3 Bxd3 10. cxd3 Nc6 11. f4 0-0-0 12. 0-0 Bc5+ 13. Kh1 Nb4 14. Nc3 Nxd3 15. Ne4 Bd4 16. Rb1 f5 17. exf6 gxf6 18. Rd1 f5 19. Rxd3 fxe4 20. Rg3 Bf2 21. Be3 Bxg3 22. hxg3 Rd3 23. Re1 Rhd8 24. Kh2 b6 25. g4 c5 26. f5 c4 27. Kg3 Kd7 28. Kf4 Kc6 29. Rh1 R8d7 30. Rh6+ Kd5 31. g5 b5 32. g6 hxg6 33. Rxg6 b4 34. Ra6 c3 35. Ra5+ Kc6 36. Rc5+ Kb7 37. Rb5+ Ka6 38. Rxb4 Rd2 39. bxc3 Rxg2 40. Rxe4 Rxa2 41. f6 Ra1 42. Kf5 Rf1+ 43. Ke6 Rc7 44. Ra4+ Kb5 45. Rf4 Rxf4 46. Bxf4 Rxc3 47. f7 Rc8 48. Bd6 Rh8 49. f8Q Rxf8 50. Bxf8 a5 51. Be7 Kc4 52. Ke5 a4 53. Bd6 Kb5 54. Kd4 Kc6 55. Kc3 Kxd6 56. Kb4 a3 57. Kxa3 1/2-1/2

[Event "Titled Tuesday intern op 25th Jul Late"]
[Site "Chess.com INT"]
[Date "2023.07.25"]
[Round "5"]
[White "Lopez Perdomo, Juan David"]
[Black "Plotkin, Victor"]
[Result "0-1"]
[WhiteElo "2029"]
[BlackElo "2178"]
[PlyCount "48"]
[EventDate "2023.07.25"]
[EventType "swiss (blitz)"]
[EventRounds "11"]
[EventCountry "USA"]
[SourceTitle "EXT 2024"]
[Source "ChessBase"]
[SourceDate "2023.10.10"]
[SourceVersion "1"]
[SourceVersionDate "2023.10.10"]
[SourceQuality "1"]

1. d4 d5 2. e3 c5 3. c4 cxd4 4. Qxd4 Nf6 5. cxd5 Qxd5 6. Qh4 Nc6 7. Nc3 Qa5 8. Bd2 e5 9. Ne4 Bb4 10. Nd6+ Ke7 11. Nc4 Bxd2+ 12. Nxd2 Rd8 13. 0-0-0 Qxa2 14. Qc4 Qxc4+ 15. Bxc4 Be6 16. Bxe6 Kxe6 17. Ngf3 Rac8 18. Kb1 Nb4 19. Ng5+ Ke7 20. Ndf3 h6 21. Nh3 Ke6 22. Rhe1 Ne4 23. Rxd8 Rxd8 24. Nfg1 Rd2 0-1

[Event "CAN-ch"]
[Site "Toronto"]
[Date "2023.04.06"]
[Round "1"]
[White "Ning, Eric"]
[Black "Plotkin, Victor"]
[Result "0-1"]
[WhiteElo "1963"]
[BlackElo "2172"]
[PlyCount "102"]
[EventDate "2023.04.06"]
[EventType "swiss"]
[EventRounds "9"]
[EventCountry "CAN"]
[SourceTitle "CBM 213 Extra"]
[Source "ChessBase"]
[SourceDate "2023.05.31"]
[SourceVersion "1"]
[SourceVersionDate "2023.05.31"]
[SourceQuality "1"]

1. d4 Nf6 2. c4 e6 3. Nc3 d5 4. cxd5 exd5 5. Bg5 Be7 6. e3 c6 7. Bd3 Nbd7 8. Qc2 Nf8 9. Nge2 Nh5 10. Bxe7 Qxe7 11. 0-0-0 g6 12. Rhe1 Be6 13. e4 Nd7 14. exd5 cxd5 15. Nxd5 Qg5+ 16. Ne3 0-0 17. Kb1 Nb6 18. g3 Qa5 19. b3 Rfd8 20. f4 Nf6 21. f5 Rac8 22. Qd2 Qxd2 23. Rxd2 Bd5 24. Nxd5 Nbxd5 25. Kb2 g5 26. Rc1 Rxc1 27. Nxc1 Ne3 28. Bc4 Kg7 29. Ne2 Nxf5 30. d5 a6 31. a4 Nd6 32. a5 Re8 33. Nd4 h6 34. Re2 Rxe2+ 35. Nxe2 Ng4 36. h3 Nf2 37. Kc3 Kf6 38. Kd4 Nxh3 39. Kc5 Ke7 40. Kb6 Nf2 41. Bxa6 bxa6 42. Kxa6 Nd3 43. Kb6 h5 44. Nd4 Kd7 45. a6 h4 46. gxh4 gxh4 47. Nf5 Nc8+ 48. Ka5 h3 49. b4 h2 50. Ng3 Nf4 51. b5 Nxd5 0-1

[Event "Titled Tuesday intern op 28th Feb Late"]
[Site "Chess.com INT"]
[Date "2023.02.28"]
[Round "8"]
[White "Plotkin, Victor"]
[Black "Diaz Perez, Michel Alejandro"]
[Result "1-0"]
[WhiteElo "2176"]
[BlackElo "2414"]
[PlyCount "91"]
[EventDate "2023.02.28"]
[EventType "swiss (blitz)"]
[EventRounds "11"]
[EventCountry "USA"]
[SourceTitle "CBM 213 Extra"]
[Source "ChessBase"]
[SourceDate "2023.05.31"]
[SourceVersion "1"]
[SourceVersionDate "2023.05.31"]
[SourceQuality "1"]

1. e4 d5 2. exd5 Nf6 3. d4 Bg4 4. Be2 Bxe2 5. Qxe2 Qxd5 6. Nf3 e6 7. Nc3 Bb4 8. Bd2 Bxc3 9. Bxc3 Nbd7 10. 0-0 0-0 11. b3 Qe4 12. Qxe4 Nxe4 13. Bb2 Rfd8 14. Rfe1 Nd6 15. c4 Nf6 16. Rad1 c6 17. Kf1 a5 18. d5 cxd5 19. Bxf6 gxf6 20. cxd5 e5 21. Nd2 Rac8 22. Rc1 Rxc1 23. Rxc1 Nf5 24. Ne4 Kg7 25. d6 Nd4 26. Rc7 Nb5 27. Rxb7 Nxd6 28. Nxd6 Rxd6 29. Ke2 Rc6 30. Kd3 Rc5 31. a4 Rd5+ 32. Ke3 Rc5 33. Rb5 Rc3+ 34. Kd2 Rc6 35. Rxa5 Kg6 36. Rb5 Kf5 37. a5 Ke4 38. Rb6 Rc5 39. b4 Rd5+ 40. Kc2 f5 41. a6 Rd8 42. a7 Ra8 43. Rb7 Kd5 44. b5 Kc5 45. b6 Kc6 46. Rb8 1-0